| 000 | 00573nam a2200193Ia 4500 | ||
|---|---|---|---|
| 003 | GCL | ||
| 008 | 140319s9999 xx 000 0 ara d | ||
| 040 |
_aGCL / _cGCL |
||
| 082 | 0 | 4 |
_a641.1 _bم ك |
| 100 | 1 | _aمنظمة الاغذية والزراعة | |
| 245 | 1 | 0 |
_aكيف تحصل على الافضل من غذائك / _cمنظمة الاغذية والزراعة |
| 300 | _a31 ص | ||
| 490 | _a | ||
| 650 | 0 | 4 | _aالتغذية |
| 650 | 0 | 4 | _aالفيتامينات |
| 650 | 0 | 4 | _aسوء التغذية |
| 650 | 0 | 4 | _aالمعادن فى الجسم |
| 942 |
_2ddc _cBK |
||
| 999 |
_c46580 _d46580 |
||